LEADER 02613nam 2200589 450 001 9910784969503321 005 20230721031124.0 010 $a1-281-16404-6 010 $a9786611164041 010 $a0-19-153047-6 010 $a1-4294-8992-8 035 $a(CKB)1000000000409145 035 $a(EBL)416024 035 $a(OCoLC)476246592 035 $a(SSID)ssj0000266715 035 $a(PQKBManifestationID)11213429 035 $a(PQKBTitleCode)TC0000266715 035 $a(PQKBWorkID)10304954 035 $a(PQKB)11498825 035 $a(MiAaPQ)EBC416024 035 $a(MiAaPQ)EBC4700171 035 $a(EXLCZ)991000000000409145 100 $a20170814h20072007 uy 0 101 0 $aeng 181 $ctxt 182 $cc 183 $acr 200 10$aVanities of the eye $evision in early modern European culture /$fStuart Clark 210 1$aOxford, [England] :$cOxford University Press,$d2007. 210 4$dİ2007 215 $a1 online resource (428 p.) 300 $aDescription based upon print version of record. 311 $a0-19-925013-8 320 $aIncludes bibliographical references and index. 327 $aSpecies : visions and values -- Fantasies : seeing without what was within -- Prestiges : illusions in magic and art -- Glamours : demons and virtual worlds -- Images : the reformation of the eyes -- Apparitions : the discernment of spirits -- Sights : King Saul and King Macbeth -- Seemings : philosophical scepticism -- Dreams : the epistemology of sleep -- Signs : vision and the new philosophy. 330 $aIn this original and fascinating book, Stuart Clark investigates the cultural history of the senses in early modern Europe. At a time in which the nature and reliability of human vision was a focus for debate in medicine, art theory, science, and philosophy, there was an explosion of interest in the truth (or otherwise) of miracles, dreams, magic, and witchcraft. Was seeing really believing? Vanities of the Eye wonderfully illustrates how this was woven into contemporary. works such as Macbeth - deeply concerned with the dangers of visual illusion - and exposes early modern theories on the rel 606 $aVision 606 $aPhilosophy, Modern 607 $aEurope$xCivilization 615 0$aVision. 615 0$aPhilosophy, Modern. 676 $a121.35 676 $a121/.35 686 $a15.70$2bcl 700 $aClark$b Stuart$0223740 801 0$bMiAaPQ 801 1$bMiAaPQ 801 2$bMiAaPQ 906 $aBOOK 912 $a9910784969503321 996 $aVanities of the eye$9258237 997 $aUNINA LEADER 02347nam 22005771 450 001 9910965609403321 005 20251116164020.0 010 $a1-57659-356-8 035 $a(CKB)3170000000060798 035 $a(EBL)3240068 035 $a(SSID)ssj0001000649 035 $a(PQKBManifestationID)11555121 035 $a(PQKBTitleCode)TC0001000649 035 $a(PQKBWorkID)10960859 035 $a(PQKB)10834605 035 $a(MiAaPQ)EBC3240068 035 $a(OCoLC)881405321 035 $a(MdBmJHUP)muse19061 035 $a(Au-PeEL)EBL3240068 035 $a(CaPaEBR)ebr10756362 035 $a(OCoLC)923764465 035 $a(BIP)41753276 035 $a(EXLCZ)993170000000060798 100 $a20120831d2012 uy 0 101 0 $aeng 135 $aur|n|---||||| 181 $ctxt 182 $cc 183 $acr 200 14$aThe soul in ascent $eBonaventure on poverty, prayer, and union with God /$fTimothy J. Johnson 205 $aRevised, second edition. 210 1$aSt. Bonaventure, New York :$cFranciscan Institute Publications,$d2012. 215 $a1 online resource (288 p.) 300 $aDescription based upon print version of record. 311 08$a1-57659-342-8 320 $aIncludes bibliographical references (pages 243-264). 327 $aPoverty and prayer -- Spiritual adoption -- Unceasing prayer -- The way of peace. 330 $aFirst published by Franciscan press in 2000, Dr. Timothy J Johnson s The Soul in Ascent: Bonaventure on Poverty, Prayer and Union with God has offered a thorough textual study of the importance of prayer in Bonaventure s theology and life. This new edition is updated to include Johnson s most recent work on Bonaventure s Sunday Sermons sourced from his work, The Sunday Sermons of St. Bonaventure Bonaventure Texts in Translation Series. This new edition is a must-read book for anyone interested in Franciscan spirituality and theology. 606 $aPrayer$xCatholic Church 606 $aSpiritual life$xCatholic Church 615 0$aPrayer$xCatholic Church. 615 0$aSpiritual life$xCatholic Church. 676 $a248.092 700 $aJohnson$b Timothy J$01867976 801 0$bMiAaPQ 801 1$bMiAaPQ 801 2$bMiAaPQ 906 $aBOOK 912 $a9910965609403321 996 $aThe soul in ascent$94475758 997 $aUNINA